000 00805cam a22002171 4500
001 e 09001251
003 DLC
005 20260227111151.0
008 800225s1909 dcu i f000 0 engdc
010 _ae 09001251
035 _a(OCoLC)6019135
040 _aU.S. Off. of Educ. Library
_cNbU
_dDLC
042 _apremarc
050 0 0 _aL111
_b.A6 1909, no. 7
110 1 _aUnited States.
_bOffice of Education.
245 1 0 _aIndex to the Reports of the commissioner of education:
_b1867-1907.
260 _aWashington,
_bGovt. Print. Off.,
_c1909.
300 _a103 p.
_c24 cm.
490 0 _aBulletin, 1909:
_vno. 7
501 _aWith: Instruction in the fine and manual arts in the United States / Henry Turner Bailey. Washington : Govt. Print. Off., 1909. Bound together subsequent to publication.
_5DLC
999 _c18849
_d18849